My Little Pony - Better Way to Be Bad - Lyrics Quiz - Statistics

General Stats
  • This quiz has been taken 35 times
    34 since last reset
  • The average score is 293 of 354
Answer Stats
Character Lyrics % Correct
a
100%
All A
100%
be
100%
Lord Tirek [groans]
100%
so
100%
So
100%
to
100%
To
100%
you
100%
You
100%
Lord Tirek Ah,
94%
baaaaaad!
94%
bad
94%
bad?
94%
better
94%
"better
94%
do
94%
Queen Chrysalis and Lord Tirek Do
94%
don't
94%
go
94%
Queen Chrysalis Ha!
94%
Cozy Glow | Lord Tirek I
94%
is
94%
All [laughing evilly]
94%
me
94%
me,
94%
No
94%
no
94%
Cozy Glow No!
94%
that
94%
Queen Chrysalis That
94%
the
94%
Queen Chrysalis The
94%
thin,
94%
think
94%
way
94%
way,
94%
way"
94%
we
94%
We
94%
your
94%
as
88%
can
88%
sad
88%
Cozy Glow It's
88%
know
88%
make
88%
need
88%
new,
88%
on
88%
one
88%
one,
88%
ponies
88%
sad?
88%
say
88%
something
88%
Starlight
88%
this
88%
Cozy Glow This
88%
try
88%
all
81%
And
81%
and
81%
any
81%
away?
81%
feel
81%
I'm
81%
Okay,
81%
"okay",
81%
really
81%
revenge
81%
see
81%
smarter,
81%
stronger,
81%
Stronger?
81%
them
81%
Time
81%
time
81%
time,
81%
together
81%
two
81%
we'll
81%
work
81%
best
75%
friendship
75%
glad
75%
got
75%
have
75%
How
75%
Lord Tirek If
75%
in,
75%
in
75%
long
75%
more
75%
my
75%
of
75%
Once
75%
please!
75%
Please,
75%
solo,
75%
team
75%
thanks,
75%
their
75%
trust
75%
Cozy Glow United
75%
want
75%
weak
75%
we've
75%
win
75%
would
75%
you're
75%
By
69%
grin
69%
grow
69%
guess
69%
handed
69%
Let's
69%
let's
69%
Listen
69%
not
69%
our
69%
queen,
69%
they
69%
those
69%
us
69%
watch
69%
what
69%
will
69%
break
63%
gonna
63%
huge
63%
length
63%
pay
63%
rear
63%
scream!
63%
Queen Chrysalis Teamwork?
63%
we're
63%
working
63%
you'll
63%
begin,
56%
crush
56%
end
56%
ice
56%
just
56%
Queen Chrysalis Just
56%
laugh
56%
longer!
56%
mad
56%
making
56%
shot,
56%
strength,
56%
swear
56%
thing,
56%
three
56%
chances
50%
Cozy Glow Combine
50%
downplay
50%
enemies
50%
fad
50%
physique
50%
put
50%
rule
50%
Queen Chrysalis and Lord Tirek Sorry,
50%
All Then
50%
triad!
50%
Lord Tirek For
44%
Cozy Glow Hey!
44%
increase
44%
like
44%
All | Cozy Glow Now
44%
pain
44%
song!
44%
torture,
44%
Cozy Glow Wait!
44%
charge,
38%
Queen Chrysalis and Lord Tirek Sounds
38%
command,
31%
dust
31%
Lord Tirek Won't
31%
shall
25%
No matching quizzes found
Score Distribution
Percent of People with Each Score
Percentile by Number Answered
Your Score History
You have not taken this quiz since the last reset